Environmentálna výchova v predškolských zariadeniach a na základných školách v Slovenskej republike

Hodnotenie environmentálnej výchovy v predškolských zariadeniach a na základných školách v SR. - Analýza SWOT. Odporúčania súvisiace s podmienkami environmentálnej výchovy. Vytváranie podmienok na environmentálnu výchovu.

Gespeichert in:
Bibliographische Detailangaben
1. Verfasser: Hilbert, Hubert
Format: Buchkapitel
Sprache:Slowakisch
Schlagworte:
Tags: Tag hinzufügen
Keine Tags, Fügen Sie das erste Tag hinzu!

MARC

LEADER 00000naa$a2200000$$$4500
001 0027749
005 20230928075529.0
041 0 |a slo 
044 |a SK 
245 1 0 |a Environmentálna výchova v predškolských zariadeniach a na základných školách v Slovenskej republike  |c Hubert Hilbert 
520 |a Hodnotenie environmentálnej výchovy v predškolských zariadeniach a na základných školách v SR. - Analýza SWOT. Odporúčania súvisiace s podmienkami environmentálnej výchovy. Vytváranie podmienok na environmentálnu výchovu. 
610 2 0 |a environmentalistika 
610 2 0 |a výchova 
610 2 0 |a vzdelávanie 
610 2 0 |a Slovensko 
610 2 0 |a školy základné 
610 2 0 |a koncepcie 
610 2 0 |a analýza swot 
100 1 |a Hilbert, Hubert